Radar and AIS / (Record no. 129)

000 -LEADER
fixed length control field 00495nam a2200169Ia 4500
008 - FIXED-LENGTH DATA ELEMENTS--GENERAL INFORMATION
fixed length control field 190805s9999||||xx |||||||||||||| ||und||
020 ## - INTERNATIONAL STANDARD BOOK NUMBER
International Standard Book Number 9781870077958
Terms of availability £ 45.00
082 04 - DEWEY DECIMAL CLASSIFICATION NUMBER
Classification number 623.893
Item number N791 V.1
100 1# - MAIN ENTRY--PERSONAL NAME
Personal name Norris, A.
245 10 - TITLE STATEMENT
Title Radar and AIS /
260 ## - PUBLICATION, DISTRIBUTION, ETC. (IMPRINT)
Place of publication, distribution, etc London :
Name of publisher, distributor, etc The Nautical Institute,
Date of publication, distribution, etc 2016
300 ## - PHYSICAL DESCRIPTION
Extent xii, 147 p.
Other physical details : ill.
Dimensions ; 24 cm.
490 00 - SERIES STATEMENT
Series statement Integrated Bridge Systems ;
Volume number/sequential designation Vol. 1
650 #0 - SUBJECT ADDED ENTRY--TOPICAL TERM
Topical term or geographic name as entry element Radar in navigation
852 ## - LOCATION/CALL NUMBER
Location
942 ## - ADDED ENTRY ELEMENTS (KOHA)
Item type Books
Holdings
Withdrawn status Lost status Damaged status Not for loan Collection code Permanent location Current location Shelving location Date acquired Source of acquisition Cost, normal purchase price Total Checkouts Full call number Barcode Date last seen Date last borrowed Koha item type Public note
        Nautical Science IMU Kochi Library IMU Kochi Library Reference 2017-05-22 Segment Book Distrubuters 3915.00 1 623.893 N791 V.1 BK003102 2023-10-27 2023-10-27 Books Shelf-4, Row-3
        Nautical Science IMU Kochi Library IMU Kochi Library Reference 2017-05-22 Segment Book Distrubuters 3915.00   623.893 N791 V.1 BK003101 2019-08-05   Books Shelf-4, Row-3


Copyright © All Rights Reserved by Indian Maritime University, Kochi Campus.
For any Suggestions/Query Contact to library or Email: library.kochi@imu.ac.in Ph:(0484)-2989402
(Web OPAC Designed by Rudra Ranjan. Maintained by IMU Kochi Library)

Powered by Koha